Hannibal Lecter Movies - Statistics

General Stats
  • This quiz has been taken 113 times
    103 since last reset
  • The average score is 4 of 5
Answer Stats
Year Movie % Correct
1991 The Silence of the Lambs
100%
2001 Hannibal
97%
2002 Red Dragon
93%
1986 Manhunter
54%
2007 Nannibal Rising
12%
No matching quizzes found
Score Distribution
Percent of People with Each Score
Percentile by Number Answered
Your Score History
You have not taken this quiz since the last reset